000 02129nam0a2200373 4500
001 RU\NLR\BIBL_A\022757065
005 20260531092024.0
010 _a978-5-292-04917-3
_9100
021 _aRU
_bКН-П-26-006104
_9КН-П-26-0597
035 _a(NLR Aleph) 022757065
090 _a13713767
_c13713767
100 _a20260318d2025 k y0rusy50 ca
101 0 _arus
102 _aRU
105 _ay z 000zy
181 0 _ai4
_baxxe
182 0 _an
200 1 _aСоциология возрастной сложности
_fМ. Э. Елютина, доктор социологических наук, Т. В. Темаев, доктор социологических наук, Н. С. Божок, кандидат социологических наук [и др.]
_gпод редакцией М. Э. Елютиной
_gСаратовский национальный исследовательский государственный университет имени Н. Г. Чернышевского
203 _aТекст
_bвизуальный
_cнепосредственный
210 _aСаратов
_cИзд-во Саратовского университета
_d2025
215 _a202, [1] с.
_d20
300 _aАвт. указаны на обороте тит. с.
320 _aБиблиогр. в подстроч. примеч.
606 1 _aВозраст
_xСоциально-психологический аспект
_92184421
_3RU\NLR\AUTH\6601549771
686 1 _aС550.325
701 1 _7ca
_8rus
_aЕлютина
_bМ. Э.
_gМарина Эдуардовна
_922343
_3RU\NLR\AUTH\7739359
701 1 _aТемаев
_bТ. В.
_gТимур Вадудович
701 1 _aБожок
_bН. С.
_gНиколай Сергеевич
712 0 2 _4475
_aСаратовский национальный исследовательский государственный университет им. Н. Г. Чернышевского
_9520734
_3RU\NLR\AUTH\880428088
942 _cBOOK
980 _aNB